LEADER 00765nam0-2200301 --450 001 9910545801103321 005 20220307114916.0 010 $a978-88-8402-985-0 020 $aIT$b2015-5206 100 $a20220307d2015----kmuy0itay5050 ba 101 0 $aita 102 $aIT 105 $ayyyymmmm001cy 200 1 $aDe Sanctis$fPaolo Orvieto 210 $aRoma$cSalerno$d2015 215 $a263 p.$d21 cm. 225 1 $aSestante$v31 610 0 $aDe Sanctis, Francesco 676 $a850.9$v23 676 $a801.95$v23 700 1$aOrvieto,$bPaolo$0156683 801 0$aIT$bUNINA$gREICAT$2UNIMARC 901 $aBK 912 $a9910545801103321 952 $a801.95 DESA/S 16$b2021/1672$fFLFBC 959 $aFLFBC 996 $aDe Sanctis$91489632 997 $aUNINA LEADER 01840oam 2200541 450 001 9910711945103321 005 20190311101342.0 035 $a(CKB)5470000002488642 035 $a(OCoLC)1047999987 035 $a(EXLCZ)995470000002488642 100 $a20180807d1959 ua 0 101 0 $aeng 135 $aur||||||||||| 181 $ctxt$2rdacontent 182 $cc$2rdamedia 183 $acr$2rdacarrier 200 10$aSurface water supply of the United States, 1957$hPart 1-A$iNorth Atlantic slope basins, Maine to Connecticut /$fprepared under the direction of J.V.B. Wells 210 1$a[Washington, D.C.] :$cUnited States Department of the Interior, Geological Survey,$d1959. 215 $a1 online resource (viii, 264 pages) $cillustrations, maps 225 1 $aGeological Survey water-supply paper ;$v1501 300 $a"Prepared in cooperation with the States of Connecticut, Maine, Massachusetts, New Hampshire, Rhode Island, and Vermont, and with other agencies." 300 $aIncludes index. 606 $aWater-supply$zNortheastern States 606 $aWater quality$zNortheastern States 606 $aWater quality$2fast 606 $aWater-supply$2fast 607 $aNortheastern States$2fast 615 0$aWater-supply 615 0$aWater quality 615 7$aWater quality. 615 7$aWater-supply. 700 $aWells$b J. V. B.$01385991 712 02$aGeological Survey (U.S.), 712 02$aConnecticut. 712 02$aMaine. 712 02$aMassachusetts. 712 02$aNew Hampshire. 712 02$aRhode Island. 712 02$aVermont. 801 0$bCOP 801 1$bCOP 801 2$bOCLCO 801 2$bOCLCF 801 2$bGPO 906 $aBOOK 912 $a9910711945103321 996 $aSurface water supply of the United States, 1957$93446951 997 $aUNINA